Modern database management (Record no. 6492)

000 -LEADER
fixed length control field 00520 a2200181 4500
020 ## - INTERNATIONAL STANDARD BOOK NUMBER
International Standard Book Number 0805360549
020 ## - INTERNATIONAL STANDARD BOOK NUMBER
International Standard Book Number 0201474328
040 ## - CATALOGING SOURCE
Original cataloging agency DLC
100 1# - MAIN ENTRY--PERSONAL NAME
Personal name McFadden, Fred R.,
245 10 - TITLE STATEMENT
Title Modern database management
Statement of responsibility, etc. Fred R. McFadden, Jeffrey A. Hoffer, Mary B. Prescott.
250 ## - EDITION STATEMENT
Edition statement 5th ed.
260 ## - PUBLICATION, DISTRIBUTION, ETC.
Place of publication, distribution, etc. New Delhi :
Name of publisher, distributor, etc. Person,
Date of publication, distribution, etc. c1998.
300 ## - PHYSICAL DESCRIPTION
Extent xxvi, 622 p. :
Other physical details ill. ;
Dimensions 27 cm.
650 #0 - SUBJECT ADDED ENTRY--TOPICAL TERM
Topical term or geographic name entry element Database management.
700 1# - ADDED ENTRY--PERSONAL NAME
Personal name Hoffer, Jeffrey A.
700 1# - ADDED ENTRY--PERSONAL NAME
Personal name Prescott, Mary B.
942 ## - ADDED ENTRY ELEMENTS (KOHA)
Koha item type Book
Call number prefix 005.74 MCF
Source of classification or shelving scheme
Holdings
Withdrawn status Lost status Damaged status Not for loan Collection code Permanent Location Current Location Shelving location Date acquired Source of acquisition Cost, normal purchase price Total Checkouts Full call number Barcode Date last seen Price effective from Koha item type Total Renewals
          Central Library (CL) Central Library (CL) First Floor - Databases 09/03/2002 Oxford University Press 449.22   005.74 MCF SEECS002428 11/14/2012 01/05/2017 Book  
          Central Library (CL) Central Library (CL) First Floor - Databases 08/27/2002 Oxford University Press 449.23   005.74 MCF SEECS002374 01/19/2022 01/05/2017 Book 3
          Central Library (CL) Central Library (CL) First Floor - Databases 09/03/2002 Oxford University Press 449.22   005.74 MCF SEECS002427 11/14/2012 01/05/2017 Book  
© 2023 Central Library, National University of Sciences and Technology. All Rights Reserved.